000 00272nam a2200109Ia 4500
005 20251222143217.0
008 251222s9999||||xx |||||||||||||| ||spa||
082 _a946/A46H
100 _a"Altamira, Rafael"
245 0 _aHistoria de la civilización española
942 _cLIB
999 _c13674
_d13674